000 00572nam a2200205 a 4500
999 _c1569
_d1569
008 200108r2007 xxka|||g |||| 001 0 eng d
020 _a9780851747859
_c£. 19.00
040 _aKO
_beng
041 0 _aeng
044 _axxk
082 0 4 _223
_a623.881
_bAr571
100 1 _aArmstrong, Malcolm C.
245 1 0 _aPractical Ship-Handling /
_cMalcolm C. Armstrong
260 _aGlasgow :
_bBrown,Son and Ferguson, Ltd. ,
_c2007.
300 _aviii , 114 p. :
_bill. ;
_c22 cm.
504 _aIncludes Index.
650 0 _aShip handling
_vTextbooks
942 _cBK